000 01971nam a2200421 i 4500
001 193095
003 SpMaBN
005 20240708063025.0
007 ta
008 230727s2019 sp a | |||| 000 0 spa
017 _aM 3467-2019
_bOficina Depósito Legal Madrid
020 _a9788478127993
035 _a(OCoLC)1117438168
035 _aa6469070
040 _aSpMaBN
_bspa
_cSpMaBN
_erda
080 _a37.014(460)"1931/39"(083.824)
245 0 0 _aDiarios de libertad :
_bmaestras y pedagogas de la II República /
_ccomisariado, ideación y concepto, Carmen García Colmenares, Susana de Andrés del Campo, Rocío Collado Alonso, Rodrigo González Martín ; textos, Carmen García Colmenares, Rocío Collado Alonso, Susana de Andrés del Campo, Rodrigo González Martín
250 _aEdición: Madrid 2018
264 1 _a[Madrid] :
_bAyuntamiento de Madrid,
_c[2019]
300 _a120 páginas :
_bilustraciones (color), fotografías (blanco y negro y color) ;
_c21 cm
336 _aTexto
_2rdacontent
337 _asin mediación
_2rdamedia
338 _avolumen
_2rdacarrier
500 _a"Una exposición de FeSP UGT, Ciudad de Memoria, Madrid"--Cubierta
500 _aCatalogación provisional Signatura: N 8573. Depósito J.
504 _aBibliografía: páginas 117-120
650 7 _aProfesoras de enseñanza primaria
_zEspaña
_y1931-1939
_vExposiciones
_2embne
_9233937
700 1 _aGarcía Colmenares, Carmen
_9173664
_eorm
700 0 _aAndrés del Campo, Susana de
_921602
_eorm
700 1 _aCollado Alonso, Rocío
_9233938
_eorm
700 1 _aGonzález Martín, Rodrigo
_9233939
852 _aES-MaACL
_9200403
_bR.152725
_jN-8573
_cDEPOJ
_zEn proceso
942 _n0
_cMONOGRAFIA
999 _c193095
_d193095